| 000 | 005790000a22001810004500 | ||
|---|---|---|---|
| 003 | MACL | ||
| 005 | 20160608163146.0 | ||
| 008 | 160608b xxu||||| |||| 00| 0 eng d | ||
| 040 |
_aMACL _cMACL |
||
| 041 | _aHindi | ||
| 082 | _a954 | ||
| 100 |
_aथापर, रोमिला _936351 |
||
| 245 |
_aआदिकालीन भारत की व्याख्या _cरोमिला थापर |
||
| 260 |
_bग्रंथ शिल्पी _c2008 _aदिल्ली |
||
| 350 | _a250 | ||
| 650 |
_aIndian History _9227 |
||
| 942 |
_cHIN _k954 _2ddc |
||
| 999 |
_c45437 _d45437 |
||